Sổ tay xử lý sự cố công trình xây dựng Tập 3

Sách giúp cho các kỹ sư xây dựng có kiến thức tương đối đầy đủ để xử lý hầu hết các sự cố công trình và sẽ nhanh chóng xử lý tình huống khi gặp phải.

Guardat en:
Dades bibliogràfiques
Autor principal: Vương Hách
Altres autors: Nguyễn Đăng Sơn (Biên dịch)
Format: Llibre
Idioma:Vietnamese
Publicat: H. Xây dựng 2001
Edició:Tái bản lần thứ ba có sửa chữa bổ sung
Matèries:
Etiquetes: Afegir etiqueta
Sense etiquetes, Sigues el primer a etiquetar aquest registre!
Thư viện lưu trữ: Thư viện Trường Đại học Nam Cần Thơ
LEADER 01471aam a22002418a 4500
001 NCT_25130
008 110419s2011 ||||||viesd
999 |c 1193  |d 1193 
020 |c 49000 
082 0 4 |2 23rd ed.  |a 690.24  |b H102/T.3 
100 1 |a Vương Hách 
245 1 0 |a Sổ tay xử lý sự cố công trình xây dựng  |n Tập 3  |c Vương Hách (chủ biên)  
250 |a Tái bản lần thứ ba có sửa chữa bổ sung 
260 |a H.  |b Xây dựng  |c 2001 
300 |a 308tr.  |c 27cm 
520 3 |a Sách giúp cho các kỹ sư xây dựng có kiến thức tương đối đầy đủ để xử lý hầu hết các sự cố công trình và sẽ nhanh chóng xử lý tình huống khi gặp phải. 
653 |a Kỹ thuật công trình xây dựng 
700 1 |a Nguyễn Đăng Sơn   |e Biên dịch 
942 |2 ddc  |c BK 
952 |0 0  |1 0  |2 ddc  |4 0  |6 690_240000000000000_H102_T_3  |7 0  |9 8687  |a 000001  |b 000001  |d 2018-05-23  |o 690.24 H102/T.3  |p MD.08156  |r 2018-05-23  |v 49000.00  |w 2018-05-23  |y BK 
952 |0 0  |1 0  |2 ddc  |4 0  |6 690_240000000000000_H102_T_3  |7 0  |9 8688  |a 000001  |b 000001  |d 2018-05-23  |o 690.24 H102/T.3  |p MD.08157  |r 2018-05-23  |v 49000.00  |w 2018-05-23  |y BK 
952 |0 0  |1 0  |2 ddc  |4 0  |6 690_240000000000000_H102_T_3  |7 0  |9 8690  |a 000001  |b 000001  |d 2018-05-23  |o 690.24 H102/T.3  |p MD.08238  |r 2018-05-23  |v 49000.00  |w 2018-05-23  |y BK 
980 |a Thư viện Trường Đại học Nam Cần Thơ